000 00938nas a2200301 4500
001 BR2014004735
003 BR-BrBNA
005 20231205124321.0
007 ta
008 230509b bl.|||p| |||| 00| 00por d
040 _aBR-BrBNA
_bpor
_cBiblioteca Nacional de Agricultura
041 _a(Pt)
072 _aP34; H20
100 1 _aCorrêa, G. de C.
100 1 _aRocha, M.R. da
100 1 _aOliveira Júnior, J.P. de
100 1 _aCarneiro, I.F.
100 1 _aCardoso, J.E.
245 1 _aSupressividade de diferentes solos a Rhizoctonia solani, nos cerrados do estado de Goiás
650 _aFEIJÃO
650 _aANÁLISE DO SOLO
650 _aRHIZOCTONIA SOLANI
650 _aQUEIMA DA SAIA
650 _aDOENÇA DE PLANTA
773 0 _tPesquisa Agropecuária Tropical (Brazil)
_xISSN 1517-6398
_g(Jul-Dec 2000), v. 30(2) p. 29-33
_wBR2014004735
909 _a202311
_bLúcia
_c55
_dLúcia Elande
942 _2AGRIS
_n0
_cANA
999 _c238452
_d238452